| 000 | 00371nam a2200133Ia 4500 | ||
|---|---|---|---|
| 008 | 231129s9999||||xx |||||||||||||| ||spa|| | ||
| 020 | _a84-8276-164-1 | ||
| 040 | _bspa | ||
| 082 | _a346.07 R741d | ||
| 100 | _aRojas Rojas Carlos | ||
| 245 | 0 | _aDerecho comercial a su alcance | |
| 264 | _aBogotá Colombia: Norma | ||
| 942 |
_2ddc _cBKS |
||
| 999 |
_c8969 _d8969 |
||